| 000 | 01030nam a22002777a 4500 | ||
|---|---|---|---|
| 001 | 0000003793 | ||
| 003 | PPM | ||
| 005 | 20260420162049.0 | ||
| 008 | 260420b ||||| |||| 00| 0 eng d | ||
| 020 |
_a9676112410 _cRM 26.00 _qPaperback |
||
| 035 | _a0000003793 | ||
| 040 |
_bMalay _cPusat Penyelidikan Mineral, Jabatan Mineral Dan Geosains Malaysia _dPPM _eRDA |
||
| 082 | 0 | 0 |
_221 _a351.595 _bAHM 2004 |
| 100 | 1 |
_aAhmad Atory Hussain, _d1951- _eauthor |
|
| 245 | 1 | 0 |
_aPengantar Pentadbitan Awam : Paradigma Baru / _coleh Ahmad Atory Hussain |
| 250 | _a2nd.ed. | ||
| 260 | 1 |
_aKuala Lumpur : _bUtusan Publications & Distributors, _c2004 |
|
| 300 | 0 | 0 |
_avi, 338 pages .; _billustrations .; _c21 cm |
| 440 | _aSiri pengajian dan pendidikan Utusan | ||
| 500 | _aKoleksi Peribadi YABhg. Tun Ahmad Sarji | ||
| 504 | _aMengandungi rujukan bibliografi (p.: 333 - 336 ) | ||
| 650 | 1 | 0 |
_aCivil service _zMalaysia |
| 650 | 2 | 0 |
_aAdministrative agencies _zMalaysia |
| 651 | 1 | 0 |
_aMalaysia _xPolitics and government |
| 942 |
_2ddc _cBK |
||
| 999 |
_c27206 _d27206 |
||